000 00445nam a22001817a 4500
003 MPLRDC
005 20220104143152.0
008 210129b ||||| |||| 00| 0 eng d
020 _a7-5035-1500-7
082 _a782.891 LSQ-2
100 _a叶永烈
245 _a历史的传奇
_c
250 _a一版一刷
260 _a
_b中共中央党校出版社
_c1997
300 _b
650 _a梁实秋传记
942 _cBK
_o782.891 LSQ-2
999 _c37285
_d37275